[Event "Titled Tuesday 2025.02.18 Late"]
[Site "chess.com INT"]
[Date "2025.02.18"]
[Round "2"]
[White "D'Arruda, R."]
[Black "Le Quang Long"]
[Result "1-0"]
[WhiteElo "2271"]
[BlackElo "2380"]
[PlyCount "107"]
[GameId "2148950860215960"]
[EventDate "2025.02.18"]
[EventType "swiss (blitz)"]
[EventRounds "11"]
[EventCountry "NET"]
[SourceTitle "The Week in Chess 1581"]
[Source "Mark Crowther"]
[SourceDate "2025.02.24"]
[SourceVersion "1"]
[SourceVersionDate "2025.02.24"]
[SourceQuality "2"]

1. Nf3 Nf6 2. d4 e6 3. c4 Bb4+ 4. Nbd2 O-O 5. a3 Bxd2+ 6. Bxd2 d6 7. Bg5 h6 8. Bh4 Qe7 9. e3 e5 10. Be2 Bf5 11. O-O Nbd7 12. Re1 c6 13. Qb3 Rab8 14. Rad1 Rfd8 15. h3 e4 16. Nd2 Nf8 17. Bg3 Rbc8 18. Rc1 g5 19. c5 d5 20. Qd1 Ng6 21. b4 a6 22. a4 Ra8 23. Rb1 Qd7 24. b5 axb5 25. axb5 Nh4 26. bxc6 bxc6 27. Rb6 Kh7 28. Qb3 h5 29. Be5 Kg6 30. Rb7 Qe6 31. Rc7 Bxh3 32. Qb6 Bxg2 33. Qxc6 Ra2 34. Bxf6 Kxf6 35. Bxh5 Qxc6 36. Rxc6+ Kg7 37. Nf1 Bf3 38. Ng3 Rda8 39. Rc7 Ra1 40. Rxa1 Rxa1+ 41. Kh2 Bxh5 42. Nxh5+ Kg6 43. Ng3 Nf3+ 44. Kh3 f5 45. Rc6+ Kf7 46. Nxf5 Rg1 47. Nh6+ Ke7 48. Ng4 Kd7 49. Rf6 Kc7 50. Ne5 Ne1 51. Rf7+ Kc8 52. Rf6 Nd3 53. Rf8+ Kc7 54. Rf7+ 1-0

[Event "Titled Tuesday 2025.02.18 Late"]
[Site "chess.com INT"]
[Date "2025.02.18"]
[Round "3"]
[White "Le Quang Long"]
[Black "Sajin, Mirko"]
[Result "1-0"]
[WhiteElo "2380"]
[BlackElo "2212"]
[PlyCount "111"]
[GameId "2148950860363664"]
[EventDate "2025.02.18"]
[EventType "swiss (blitz)"]
[EventRounds "11"]
[EventCountry "NET"]
[SourceTitle "The Week in Chess 1581"]
[Source "Mark Crowther"]
[SourceDate "2025.02.24"]
[SourceVersion "1"]
[SourceVersionDate "2025.02.24"]
[SourceQuality "2"]

1. d4 Nf6 2. c4 d6 3. Nf3 Nc6 4. g3 e5 5. Bg2 Bd7 6. Nc3 g6 7. O-O Bg7 8. d5 Ne7 9. e4 O-O 10. Ne1 Ne8 11. Nd3 f5 12. c5 h6 13. Qb3 Rb8 14. f4 b6 15. c6 Bc8 16. fxe5 fxe4 17. Rxf8+ Kxf8 18. Nxe4 dxe5 19. Nc3 Nd6 20. Bd2 Nef5 21. Re1 Nd4 22. Qd1 Nf7 23. Nf2 Bf5 24. g4 Bc8 25. Nfe4 Qh4 26. h3 h5 27. Rf1 hxg4 28. Bg5 Qh5 29. h4 Nf3+ 30. Bxf3 gxf3 31. Qxf3 Qxf3 32. Rxf3 Bf5 33. Ng3 Nd6 34. a4 Kg8 35. Be3 e4 36. Rf2 Bf6 37. h5 Bh4 38. Kg2 Rf8 39. hxg6 Bxg6 40. Rxf8+ Kxf8 41. Bf4 Ke7 42. Nge2 Bf6 43. Kf2 Bf7 44. b3 Kd8 45. Ke3 Nf5+ 46. Kxe4 Bg6 47. Kf3 Nh4+ 48. Kg4 Nf5 49. Ne4 Be7 50. Ng5 Ng7 51. Be5 Bxg5 52. Kxg5 Bf7 53. Bxg7 Bxd5 54. Nd4 Ke7 55. Kf5 Kd6 56. Bf8# 1-0

[Event "Titled Tuesday 2025.02.18 Late"]
[Site "chess.com INT"]
[Date "2025.02.18"]
[Round "4"]
[White "Schulz, Kar"]
[Black "Le Quang Long"]
[Result "1-0"]
[WhiteElo "2148"]
[BlackElo "2380"]
[PlyCount "131"]
[GameId "2148950860519564"]
[EventDate "2025.02.18"]
[EventType "swiss (blitz)"]
[EventRounds "11"]
[EventCountry "NET"]
[SourceTitle "The Week in Chess 1581"]
[Source "Mark Crowther"]
[SourceDate "2025.02.24"]
[SourceVersion "1"]
[SourceVersionDate "2025.02.24"]
[SourceQuality "2"]

1. Nf3 Nf6 2. g3 b6 3. Bg2 Bb7 4. c4 e6 5. b3 c5 6. Bb2 Be7 7. O-O O-O 8. Nc3 d6 9. d3 Nc6 10. e3 d5 11. cxd5 Nxd5 12. Nxd5 Qxd5 13. d4 cxd4 14. Nxd4 Qxg2+ 15. Kxg2 Nxd4+ 16. f3 Nf5 17. Qe2 Bc5 18. e4 Ne3+ 19. Kh1 Nxf1 20. Rxf1 Rfd8 21. Rd1 h6 22. Kg2 Bc6 23. Qc2 a5 24. a3 Bb5 25. b4 axb4 26. axb4 Rxd1 27. Qxd1 Ra2 28. Qb3 Bc4 29. Qc3 Bf8 30. Qxc4 Rxb2+ 31. Kh3 Rxb4 32. Qc8 Rb2 33. f4 g6 34. f5 gxf5 35. exf5 exf5 36. Qxf5 Bc5 37. Qf6 Ra2 38. Qxh6 Bg1 39. Qg5+ Kf8 40. Qd8+ Kg7 41. Kg4 Rxh2 42. Qg5+ Kf8 43. Qd8+ Kg7 44. Kf5 Bc5 45. Qf6+ Kg8 46. Qd8+ Kg7 47. g4 Rf2+ 48. Ke4 Rf6 49. g5 Re6+ 50. Kf5 Rg6 51. Qd3 Re6 52. Qc3+ Kg8 53. Qc4 Rg6 54. Qd5 Re6 55. Qd8+ Kg7 56. Qd7 Rd6 57. Qe8 Re6 58. Qc8 Rh6 59. gxh6+ Kxh6 60. Qc6+ Kg7 61. Qh1 Kf8 62. Qg2 Ke7 63. Qe4+ Kd7 64. Kf6 b5 65. Kxf7 Bd6 66. Qb7+ 1-0